Exporting environmentalism : U.S. multinational chemical corporations in Brazil and Mexico (Record no. 180403)

MARC details
000 -LEADER
fixed length control field 00839nam a2200241Ia 4500
008 - FIXED-LENGTH DATA ELEMENTS--GENERAL INFORMATION
fixed length control field 191130s2000##################000#0#eng##
020 ## - INTERNATIONAL STANDARD BOOK NUMBER
ISBN 9780262571364
082 ## - DEWEY DECIMAL CLASSIFICATION NUMBER
Classification number 363.70526 GAR
100 ## - MAIN ENTRY--AUTHOR NAME
Personal name Garcia-Johnson, Ronie
245 ## - TITLE STATEMENT
Title Exporting environmentalism : U.S. multinational chemical corporations in Brazil and Mexico
Statement of responsibility, etc Ronie Garcia-Johnson
260 ## - PUBLICATION, DISTRIBUTION, ETC. (IMPRINT)
Place of publication Cambridge, MA
Name of publisher MIT Press
Year of publication c2000
300 ## - PHYSICAL DESCRIPTION
Number of Pages xvi, 282 p. ; 23 cm
500 ## - GENERAL NOTE
General note Includes bibliographical references (207-272) and index
650 ## - SUBJECT ADDED ENTRY--TOPICAL TERM
Topical Term Chemical industry - Brazil
Topical Term Chemical industry - Mexico
Topical Term Chemical industry - United States
Topical Term Environmental policy - International cooperation
991 ## -
-- 319508
Holdings
Withdrawn status Lost status Damaged status Not for loan Home library Current library Date acquired Full call number Accession Number Price effective from Koha item type
        Anna Centenary Library Anna Centenary Library 13.10.2020 363.70526 GAR 464414 13.10.2020 English Books

Find us on the map